Asesinato en el Canadian Express

में बचाया:
ग्रंथसूची विवरण
मुख्य लेखक: Wilson, Eric Hamilton (लेखक)
स्वरूप: पुस्तक
भाषा:स्पेनिश
प्रकाशित: Madrid SM 1997
संस्करण:20a. ed
श्रृंखला:El barco de vapor, 15
विषय:
टैग: टैग जोड़ें
कोई टैग नहीं, इस रिकॉर्ड को टैग करने वाले पहले व्यक्ति बनें!

MARC

LEADER 00000nam a2200000 a 4500
001 UCH9581
003 CL-VaPUC
008 100114e19970400SP |||||||||||||||||spa|d
020 |a 8434811219 
082 0 4 |a 843  |b WIL  |2 21 
100 0 |a Wilson, Eric Hamilton  |e author  |9 546758 
245 1 0 |a Asesinato en el Canadian Express 
250 |a 20a. ed 
300 |a 159 p 
942 |c BK 
945 |d 20100114 00:00:00  |a dcastane 
260 |a Madrid  |b SM  |c 1997 
650 7 |a CUENTOS CANADIENSES  |2 CL-VaPUC  |9 319373 
650 0 |a Literatura canadiense  |9 342826 
650 0 |a Cuentos infantiles  |9 308044 
583 |a last modification  |c 20100114 00:00:00  |k Rodrigo Vera 
490 0 |a El barco de vapor, 15 
999 |c 339502  |d 339500